000 00687nam a2200253Ia 4500
003 OSt
005 20220918182359.0
006 a|||||r|||| 00| 0
007 ta
008 220917b |||||||| |||| 00| 0 eng d
024 _a32,203
037 _cTextual
040 _aARTS
_cARTS
_beng
041 _2eng
_aeng
082 _aO111,1M09:g, L5
100 _aBaum Paull F.
_952763
245 0 _aTennyson
_b Sixty years after
260 _aNew York
_bOctagon USA
_c1975
300 _axi,331p.
_ccm.
500 _aAppendix 299-312p.; BIb 313-14p
650 _aENGLISH LITERATURE
942 _hO111,1M09:g, L5
_cTEXL
_2CC
999 _c168776
_d168776